|
|
|
|
| LEADER |
01999nam a2200481 i 4500 |
| 001 |
EBC459544 |
| 003 |
MiAaPQ |
| 005 |
20200903223051.0 |
| 006 |
m o d | |
| 007 |
cr cnu|||||||| |
| 008 |
140222t20062006waua ob 000 0 eng d |
| 020 |
|
|
|z 9780821361054
|
| 020 |
|
|
|a 9780821361061
|q (electronic bk.)
|
| 035 |
|
|
|a (MiAaPQ)EBC459544
|
| 035 |
|
|
|a (Au-PeEL)EBL459544
|
| 035 |
|
|
|a (CaPaEBR)ebr10120768
|
| 035 |
|
|
|a (CaONFJC)MIL41368
|
| 035 |
|
|
|a (OCoLC)67713852
|
| 040 |
|
|
|a MiAaPQ
|b eng
|e rda
|e pn
|c MiAaPQ
|d MiAaPQ
|
| 043 |
|
|
|a d------
|
| 050 |
|
4 |
|a HC59.7
|b .B3888 2006
|
| 082 |
0 |
|
|a 309.11724
|2 23
|
| 111 |
2 |
|
|a Berlin Workshop
|n (7th :
|d 2004)
|
| 245 |
1 |
0 |
|a Equity and development /
|c edited by Gudrun Kochendorfer-Lucius and Boris Pleskovic.
|
| 264 |
|
1 |
|a Washington, District of Columbia :
|b The World Bank,
|c 2006.
|
| 264 |
|
4 |
|c 2006
|
| 300 |
|
|
|a 1 online resource (226 pages) :
|b illustrations.
|
| 336 |
|
|
|a text
|2 rdacontent
|
| 337 |
|
|
|a computer
|2 rdamedia
|
| 338 |
|
|
|a online resource
|2 rdacarrier
|
| 440 |
|
0 |
|a Berlin Workshop series,
|x 1813-9442 ;
|v 2006
|
| 504 |
|
|
|a Includes bibliographical references at the end of each chapters.
|
| 588 |
|
|
|a Description based on print version record.
|
| 590 |
|
|
|a Electronic reproduction. Ann Arbor, MI : ProQuest, 2016. Available via World Wide Web. Access may be limited to ProQuest affiliated libraries.
|
| 650 |
|
0 |
|a Economic development
|v Congresses.
|
| 650 |
|
0 |
|a Equity
|z Developing countries
|v Congresses.
|
| 651 |
|
0 |
|a Developing countries
|x Economic conditions
|v Congresses.
|
| 655 |
|
4 |
|a Electronic books.
|
| 700 |
1 |
|
|a Kochendorfer-Lucius, Gudrun.
|
| 700 |
1 |
|
|a Pleskovic, Boris.
|
| 776 |
0 |
8 |
|i Print version:
|t Equity and development.
|d Washington, District of Columbia : The World Bank, c2006
|h vii, 214 pages
|k Berlin Workshop series ; 2006.
|z 9780821361054
|w 2006297341
|
| 797 |
2 |
|
|a ProQuest (Firm)
|
| 856 |
4 |
0 |
|u https://ebookcentral.proquest.com/lib/matrademy/detail.action?docID=459544
|z Click to View
|